1823 1861 1413 1314 1185 1561 1775 1978 1415 1529 1800 1629 1790 1690 1019 1081 1552 1278 1116 1333 1749 1022 1544 1096 1886 1981 1746 1761 1042 1362 1088 1905 1385 1604 1775 1803 1832 1047 1826 1335 1770 1397 1925 1050 1608 1028 1856 1335 1116 1743 1878 1415 1370 1084 1606 1908 1734 1891 1463 1625 1354 1767 1587 1451 1042 1596 1739 1628 1473 1305 1131 1454 1518 1524 1285 1052 1803 1850 1922 1094 1494 1883 1700 1342 1223 1251 1860 1220 1050 1359 1894 1976 1231 1086 1125 1116 1870 1853 1510 BCNSPRNW ULIB Ver.6.0+V

เปลี่ยนเป็นภาษาไทย

Change to English
 แสดงรายละเอียดบรรณานุกรม
  กลับหน้าหลัก

Brief Record : Get Marc (ISO 2709) : E-mail record : QR code < ปิดหน้าต่าง
LEADER : 00000nam 2200000uu 4500
001    13399114526
003     ULIB
008    120411s2550||||th 000 0 tha d
020    ^a9746452924(ล.2)
060  4 ^aWA400^bม246อ ล.2 2550
110 1  ^aมหาวิทยาลัยสุโขทัยธรรมาธิราช^bสาขาวิชาวิทยาศาสตร์สุขภาพ
245 00 ^aเอกสารการสอนชุดวิชา อาชีวอนามัยและความปลอดภัย หน่วยที่8-15=^bOccupational health and safety /^cสาขาวิชาวิทยาศาสตร์สุขภาพ มหาวิทยาลัยสุโขทัยธรรมาธิราช
246 0  ^aOccupational health and safety
250    ^aพิมพ์ครั้งที่ 5
260    ^aนนทบุรี:^bศูนย์หนังสือมหาวิทยาลัยสุโขทัยธรรมาธิราช,^c2550
300    ^a409 หน้า
650  7 ^aอาชีวอนามัย
650  7 ^aความปลอดภัยในงานอุตสาหกรรม
945    ^p0^l0^i14691
995    ^aกัณชพร
999    ^aใช้งานได้ทุกระบบ
รายการนี้ยังไม่มีแท็ก
คุณยังไม่ได้ล็อกอิน คุณสามารถมีกิจกรรมร่วมกับเว็บไซต์ได้ แต่ต้องล็อกอินก่อน ::
  ล็อกอิน

รายการสื่อสารสนเทศ

ลำดับที่ ประเภท เลขเรียก/บาร์โค้ด สถานที่ สถานะ
- ไม่พบข้อมูล -

รายการใกล้เคียง
    หัวเรื่อง [อาชีวอนามัย]
    หัวเรื่อง [ความปลอดภัยในงานอุตสาหกรรม]

BibComment


ยังไม่เคยถูกคอมเมนท์

คอมเมนท์ทรัพยากรรายการนี้
  คอมเมนท์: เอกสารการสอนชุดว..


 Copyright 2026. Bcnsprnw @Library